Energy Saving at Cities (Record no. 20951)

MARC details
000 -LEADER
fixed length control field 01055nam a2200121Ia 4500
008 - FIXED-LENGTH DATA ELEMENTS--GENERAL INFORMATION
fixed length control field 220616s9999||||xx |||||||||||||| ||und||
245 #0 - TITLE STATEMENT
Title Energy Saving at Cities
546 ## - LANGUAGE NOTE
Language note English[eng]
650 ## - SUBJECT ADDED ENTRY--TOPICAL TERM
Topical term or geographic name entry element energy-saving||energy conservation||energy utilization||energy efficiency||scientific collaboration||wind farm||thermal power plants||peak electricity demand||Gulf of Mexico||bike sharing||energy saving||system rebalancing||Weibull function||scale parameter||shape parameter||wind power density||seasons||optimal tilt angle||PV system||solar photovoltaic||solar radiation||PVGIS||PVWatts||Palestine||pyrolysis||solid tire wastes||PCB||TPO||Pyro-Gas||industrial scale||local climate policy||municipal authorities||municipal energy planning||local GHG emissions||multilevel governance||renewable energy||zero-energy buildings||sustainability||sustainable transport||PV||energy saving in data processing centers
700 ## - ADDED ENTRY--PERSONAL NAME
Personal name Manzano Agugliaro, Francisco||Perea Moreno, Alberto Jesús
856 ## - ELECTRONIC LOCATION AND ACCESS
Uniform Resource Identifier <a href="https://mdpi.com/books/pdfview/book/2709">https://mdpi.com/books/pdfview/book/2709</a>
942 ## - ADDED ENTRY ELEMENTS (KOHA)
Koha item type E-Books
Holdings
Withdrawn status Lost status Damaged status Not for loan Home library Current library Date acquired Total Checkouts Date last seen Price effective from Koha item type
        Kerala University of Digital Sciences, Innovation and Technology Knowledge Centre Kerala University of Digital Sciences, Innovation and Technology Knowledge Centre 16/06/2022   16/06/2022 16/06/2022 E-Books